El Corregidor Pontejos y el Madrid de su tiempo

Gespeichert in:
Bibliographische Detailangaben
1. Verfasser: Saralegui y Medina, M.de Autor
Format: keine Angabe
Sprache:Spanisch
Erschienen: Madrid Hijos de M.G. Hernández 1909
Katalog:MANES:  Suchergebnis im Bibliothekskatalog
Schulbuchspezifische Eigenschaften:
Tags: Tag hinzufügen
Keine Tags, Fügen Sie den ersten Tag hinzu!
Hinzugefügt zu:26.04.2016
Geändert in:20.11.2024

MARC

LEADER 000000000a22000000004500
001 16870
003 OSt
005 20241121020141.0
008 160427s sp ||||| |||| 00| 0 spa d
041 1 |a spa 
040 |c centro_manes 
691 0 |a SE 
100 1 |a Saralegui y Medina, M.de  |b Autor  |9 12476 
245 0 0 |a El Corregidor Pontejos y el Madrid de su tiempo 
260 3 |a Madrid  |b Hijos de M.G. Hernández  |c 1909 
300 |a 214p  |c 20 * 13 cm 
500 |a ILUSTRACIONES: No contiene. ENCUADERNACIÓN: Cartoné. DESCRIPCIÓN CONTENIDO: Novela. Historia de Madrid. PALABRAS CLAVE: Pontejos. Madrid. Pontejos. NéMERO EJEMPLARES: 1. Nº TOPOGRÁFICO: 1344. CONSERVACIÓN: Buena. 
690 0 |a LEN 
942 |2 ddc  |c BK 
546 |a España 
999 |c 22839  |d 22839 
999 |c manes:22839  |d 22839